000 nam a22 7a 4500
999 _c8321
_d8321
008 171229b xxu||||| |||| 00| 0 eng d
100 _aLynn Frank Mc
_94738
245 _aFamouse Letters
_bMessage and Thoughts that shaped our world
260 _aNew York
_bThe Readers digest Association
_c1993